000 00948nam a22002297a 4500
001 EIF-VII-2009-M3-003
003 OSt
005 20221219113752.0
008 221219b |||||||| |||| 00| 0 eng d
040 _aFundación Jesús Pereda
_cFundación Jesús Pereda
041 _aCastellano
100 _uUniversidad del País Vasco
_aToda i Bonet, Agnès
_9566
111 _aEncuentro de Investigadores del Franquismo
_c(Santiago de Compostela.
_d2009.
_n7º)
_999
245 _aLos aplecs de Paret Delgada (1959-1964):
_bUn ejemplo de resistencia cultural en Cataluña
_c/Agnès Toda i Bonet
650 0 _9552
_aCatalanismo
650 0 _9271
_aReligión
650 0 _9549
_aLiteratura
651 0 _9567
_aTarragona
_zLa Selva del Camp
773 _tActas del VII Encuentro de Investigadores del Franquismo
_g176-187 p.
856 _uhttps://bibliotecaccoocyl.fundacionjesuspereda.es/cgi-bin/koha/opac-retrieve-file.pl?id=a35e890a9ca408d45bcfa8983e2b97b5
942 _2ddc
_cCF
_n0
999 _c375
_d375